00648nam a2200193 a 450000100100000000500170001000800410002702000180006804000250008608200240011110000300013524501090016525000110027426000370028530000270032249000410034950400250039083000390041500004454820240302073951.0140714s2008 dr a 000 0 spa d a9789993483478 aDO-SdBNPbspacBNPHU a920.72bS211C, 20081 aCassá, Roberto, d1948-10aMaría Trinidad Sánchez :bla heroína de febrero /cRoberto Cassá ; ilustraciones Ramiro Manzano. a3a ed. aSanto Domingo :bTobogan,c2008. a59 p. :bil. ;c22 cm.1 aBiografías dominicanas Tobogán ; aBibliografía p: 61 0aBiografías dominicanas Tobogán